000 nam a22 7a 4500
999 _c7570
_d7570
008 170921b xxu||||| |||| 00| 0 eng d
100 _94086
_aDemoss.N et,al
245 _aLiving out the Beauty of the Gospel togethet
260 _aChicgo
_bMoody Publication
_c2017